Shen yi lun {ch}/ (Record no. 32400)
[ view plain ]
| 000 -LEADER | |
|---|---|
| fixed length control field | 01303nam a2200301 4500 |
| 008 - FIXED-LENGTH DATA ELEMENTS--GENERAL INFORMATION | |
| fixed length control field | 081024s2003 -hk b 000 0 chi d |
| 020 ## - INTERNATIONAL STANDARD BOOK NUMBER | |
| International Standard Book Number | 9628322524 :NT790/671.50/Php1007.25/gift : Taipei Christian Linshun South Road Church |
| 041 1# - LANGUAGE CODE | |
| Language code of text/sound track or separate title | chi |
| Language code of original and/or intermediate translations of text | fre |
| 090 ## - LOCALLY ASSIGNED LC-TYPE CALL NUMBER (OCLC); LOCAL CALL NUMBER (OCLC) | |
| Classification number (OCLC) (R) ; Classification number, CALL (RLIN) (NR) | B2590.C5 |
| Local cutter number (OCLC) ; Book number/undivided call number, CALL (RLIN) | Z48 |
| -- | L53 |
| 100 1# - MAIN ENTRY--PERSONAL NAME | |
| Personal name | Leibniz, Gottfried Wilhelm, |
| Titles and other words associated with a name | Freiherr von, |
| Dates associated with a name | 1646-1716. |
| 240 10 - UNIFORM TITLE | |
| Uniform title | Essais de theodicee. |
| Language of a work | Chinese |
| 245 10 - TITLE STATEMENT | |
| Title | Shen yi lun {ch}/ |
| Statement of responsibility, etc | Laibunici zhu ; Zhu Yanbing yi ; Zhang Xian jiao |
| 246 10 - VARYING FORM OF TITLE | |
| Title proper/short title | Die theodizee / |
| -- | Gottfried Wihelm Leibniz. |
| 246 31 - VARYING FORM OF TITLE | |
| Title proper/short title | Theodizee |
| 250 ## - EDITION STATEMENT | |
| Edition statement | Chu ban. |
| 260 ## - PUBLICATION, DISTRIBUTION, ETC. (IMPRINT) | |
| Place of publication, distribution, etc | Hong Kong : |
| Name of publisher, distributor, etc | Institute of Sino-Christian Studies; |
| Place of publication, distribution, etc | Xianggang : |
| Name of publisher, distributor, etc | Dao feng shu she, |
| Date of publication, distribution, etc | 2003. |
| 300 ## - PHYSICAL DESCRIPTION | |
| Extent | lxxxix, 497 p. ; |
| Dimensions | 22 cm. |
| 490 1# - SERIES STATEMENT | |
| Series statement | Li dai Jidu jiao si xiang xue shu wen ku. Xian dai xi lie ; |
| Volume number/sequential designation | 220 = |
| Series statement | Chinese academic library of Christian thought. Modern series ; |
| Volume number/sequential designation | 220 |
| 500 ## - GENERAL NOTE | |
| General note | Fu: Dan zi lun. |
| 500 ## - GENERAL NOTE | |
| General note | Yi zi: Essais de theodicee. |
| 504 ## - BIBLIOGRAPHY, ETC. NOTE | |
| Bibliography, etc | Fu can kao wen xian. |
| 650 #4 - SUBJECT ADDED ENTRY--TOPICAL TERM | |
| Topical term or geographic name as entry element | Free will and determinism |
| Form subdivision | Early works to 1800. |
| 650 #4 - SUBJECT ADDED ENTRY--TOPICAL TERM | |
| Topical term or geographic name as entry element | Theism |
| Form subdivision | Early works to 1800. |
| 650 #4 - SUBJECT ADDED ENTRY--TOPICAL TERM | |
| Topical term or geographic name as entry element | Theodicy |
| Form subdivision | Early works to 1800. |
| 951 ## - EQUIVALENCE OR CROSS-REFERENCE-GEOGRAPHIC NAME/AREA NAME [OBSOLETE] [CAN/MARC only] | |
| General subdivision | 00037044 |
| 700 1# - ADDED ENTRY--PERSONAL NAME | |
| Personal name | Zhu, Yanbing. |
| 740 02 - ADDED ENTRY--UNCONTROLLED RELATED/ANALYTICAL TITLE | |
| Uncontrolled related/analytical title | Dan zi lun. |
| 951 ## - EQUIVALENCE OR CROSS-REFERENCE-GEOGRAPHIC NAME/AREA NAME [OBSOLETE] [CAN/MARC only] | |
| -- | C-8993 |
| -- | REF-CHB2590.C5/Z48/L53 |
| -- | 081024122436061 |
| -- | 2000-12-21 |
| -- | Ref-CH |
| Withdrawn status | Lost status | Damaged status | Not for loan | Home library | Current library | Shelving location | Date acquired | Accession number | Shelving control number | Total Checkouts | Full call number | Date last seen | Price effective from | Koha item type |
|---|---|---|---|---|---|---|---|---|---|---|---|---|---|---|
| BSOP Library | BSOP Library | 12/21/2000 | C-8993 | 127 | REF-CHB2590.C5/Z48/L53 | 02/23/2013 | 02/23/2013 | Books |
